Medicinal chemistry / (Record no. 51161)

MARC details
000 -LEADER
fixed length control field 00538nam a2200205Ia 4500
005 - DATE AND TIME OF LATEST TRANSACTION
control field 20260429111845.0
008 - FIXED-LENGTH DATA ELEMENTS--GENERAL INFORMATION
fixed length control field 260429s9999||||xx |||||||||||||| ||und||
020 ## - INTERNATIONAL STANDARD BOOK NUMBER
International Standard Book Number 9788119160617
041 ## - LANGUAGE CODE
Language English
082 ## - DEWEY DECIMAL CLASSIFICATION NUMBER
Classification number 615.19
Item number AHL
100 ## - MAIN ENTRY--PERSONAL NAME
Personal name Ahluwalia, V.K.
245 #0 - TITLE STATEMENT
Title Medicinal chemistry /
Statement of responsibility, etc V.K. Ahluwalia
250 ## - EDITION STATEMENT
Edition statement 2nd ed.
260 ## - PUBLICATION, DISTRIBUTION, ETC. (IMPRINT)
Place of publication, distribution, etc New Delhi :
Name of publisher, distributor, etc Ane Books,
Date of publication, distribution, etc 2026.
300 ## - PHYSICAL DESCRIPTION
Extent xxi, 440 p.; hb
650 ## - SUBJECT ADDED ENTRY--TOPICAL TERM
Topical term or geographic name as entry element Medicinal chemistry
650 ## - SUBJECT ADDED ENTRY--TOPICAL TERM
Topical term or geographic name as entry element Pharmaceutical chemistry
700 ## - ADDED ENTRY--PERSONAL NAME
Personal name Chopra, Madhu
942 ## - ADDED ENTRY ELEMENTS (KOHA)
Koha item type Text Books
Holdings
Withdrawn status Lost status Damaged status Not for loan Collection code Home library Location Shelving location Date of Cataloging Source of acquisition Total Checkouts Full call number Barcode Date last seen Price effective from Koha item type
        Non-fiction CUTN Central Library CUTN Central Library Medicine, Technology & Management 29/04/2026 Prashant Book Agency, New Delhi - Invoice No. 536 on 09-02-2026   615.19 AHL 56016 29/04/2026 29/04/2026 Text Books